[Event "UT Dallas Spring int."]
[Site "Dallas USA"]
[Date "2014.03.12"]
[Round "7"]
[White "Calugar, Arthur"]
[Black "Gater, Daniel"]
[Result "1-0"]
[WhiteElo "2280"]
[BlackElo "2118"]
[PlyCount "149"]
[GameId "2130307674044986"]
[EventDate "2014.03.08"]
[EventType "swiss"]
[EventRounds "9"]
[EventCountry "USA"]
[SourceTitle "The Week in Chess 1010"]
[Source "Mark Crowther"]
[SourceDate "2014.03.17"]
[SourceVersion "1"]
[SourceVersionDate "2014.03.17"]
[SourceQuality "2"]

1. b3 c5 2. Bb2 Nc6 3. Nf3 e6 4. e3 a6 5. d4 cxd4 6. exd4 b5 7. Bd3 Nge7 8. Nbd2 Ng6 9. O-O Nb4 10. Be2 Nd5 11. c4 Ndf4 12. cxb5 Nxe2+ 13. Qxe2 axb5 14. Rfe1 Qb6 15. d5 Bb7 16. Bd4 Bc5 17. Bxc5 Qxc5 18. dxe6 dxe6 19. Ne4 Bxe4 20. Qxe4 O-O 21. a4 bxa4 22. bxa4 Rfd8 23. Rec1 Qd6 24. a5 Ra7 25. Rc6 Qd7 26. h4 Ne7 27. Rc3 Qb5 28. Ng5 Qf5 29. a6 Rda8 30. Rca3 h6 31. g4 Qxe4 32. Nxe4 Nd5 33. Nc5 Kf8 34. Rb1 Rc7 35. Ra5 Ke7 36. Kg2 Kd6 37. Nb7+ Kd7 38. Nc5+ Kc8 39. g5 hxg5 40. hxg5 Rca7 41. Kg3 Nc7 42. Rh1 Kd8 43. Rh7 Ne8 44. g6 Ke7 45. gxf7 Kxf7 46. Rh8 Nd6 47. Rxa8 Rxa8 48. Ra1 Rc8 49. a7 Ra8 50. Ra6 Nc8 51. Rc6 Nxa7 52. Ra6 e5 53. Nd7 Kg8 54. Kg4 e4 55. Kf4 Kh8 56. Ke3 Kg8 57. Ra5 Kh7 58. Ra6 Kg8 59. Ra4 Kh7 60. Ra5 Kg8 61. Kf4 Kf7 62. Nb6 Rf8 63. Rxa7+ Ke6+ 64. Ke3 Rf3+ 65. Ke2 g5 66. Rg7 Rb3 67. Nc4 Kf6 68. Rg8 Kf5 69. Ne3+ Kf4 70. Rf8+ Ke5 71. Rf5+ Kd4 72. Rd5+ Kc3 73. Nd1+ Kc2 74. Rc5+ Kb1 75. Nc3+ 1-0

[Event "UT Dallas Spring int."]
[Site "Dallas USA"]
[Date "2014.03.12"]
[Round "8"]
[White "Kadric, Denis"]
[Black "Calugar, Arthur"]
[Result "1/2-1/2"]
[WhiteElo "2485"]
[BlackElo "2280"]
[PlyCount "108"]
[GameId "2130307674045005"]
[EventDate "2014.03.08"]
[EventType "swiss"]
[EventRounds "9"]
[EventCountry "USA"]
[SourceTitle "The Week in Chess 1010"]
[Source "Mark Crowther"]
[SourceDate "2014.03.17"]
[SourceVersion "1"]
[SourceVersionDate "2014.03.17"]
[SourceQuality "2"]

1. e4 c5 2. Nc3 Nc6 3. Nge2 e6 4. d4 cxd4 5. Nxd4 Qc7 6. Be3 a6 7. Qd2 Nf6 8. f4 Bb4 9. Bd3 Na5 10. a3 Bxc3 11. Qxc3 Qxc3+ 12. bxc3 d5 13. e5 Ne4 14. Nb3 Nc4 15. Bxc4 dxc4 16. Na5 Bd7 17. Bd4 b5 18. O-O-O O-O-O 19. Rhe1 f5 20. exf6 Nxf6 21. g3 Kc7 22. Kb2 Bc8 23. a4 Rxd4 24. Rxd4 Kb6 25. axb5 Kxa5 26. bxa6 Kxa6 27. Rxc4 Kb5 28. Kb3 Bd7 29. Ra1 Bc6 30. Rb4+ Kc5 31. Ra6 Rc8 32. Ra7 Nd7 33. Rd4 Rb8+ 34. Ka2 Nb6 35. Ra5+ Bb5 36. Rb4 Nd5 37. Rb3 Rb7 38. Kb1 Ne3 39. Kc1 Nc4 40. Ra8 Nb6 41. Ra1 Nc4 42. Ra8 Nb6 43. Rh8 h6 44. Rb4 Ra7 45. Rb8 Ra6 46. Rb7 g6 47. Rb8 Bc6 48. Rg8 Ra1+ 49. Rb1 Ra2 50. Rxg6 Ba4 51. Rb2 Ra1+ 52. Rb1 Ra2 53. Rb2 Ra1+ 54. Rb1 Ra2 1/2-1/2

[Event "UT Dallas Spring int."]
[Site "Dallas USA"]
[Date "2014.03.13"]
[Round "9"]
[White "Calugar, Arthur"]
[Black "Grover, Sahaj"]
[Result "0-1"]
[WhiteElo "2280"]
[BlackElo "2475"]
[PlyCount "98"]
[GameId "2130307674045012"]
[EventDate "2014.03.08"]
[EventType "swiss"]
[EventRounds "9"]
[EventCountry "USA"]
[SourceTitle "The Week in Chess 1010"]
[Source "Mark Crowther"]
[SourceDate "2014.03.17"]
[SourceVersion "1"]
[SourceVersionDate "2014.03.17"]
[SourceQuality "2"]

1. Nf3 d6 2. d4 f5 3. b3 g6 4. Bb2 Bg7 5. g3 Nf6 6. Bg2 O-O 7. c4 c6 8. Nc3 Qa5 9. O-O e5 10. dxe5 dxe5 11. e4 f4 12. Qd6 Ne8 13. Qd2 h6 14. Rad1 Be6 15. Ne2 Qc7 16. gxf4 exf4 17. h4 Bxb2 18. Qxb2 Nd7 19. Nfd4 Qe5 20. Qd2 Ng7 21. Nxe6 Nxe6 22. Bh3 Ndc5 23. Qd6 Qf6 24. e5 Qf7 25. Nd4 Rae8 26. f3 Re7 27. b4 Nxd4 28. Rxd4 Ne6 29. Bxe6 Rxe6 30. Rxf4 Qxf4 31. Qxe6+ Kg7 32. Rf2 Qg3+ 33. Kf1 Qxh4 34. Ke2 Qf4 35. Kd3 h5 36. Kc2 Qf5+ 37. Qxf5 Rxf5 38. f4 g5 39. Rd2 gxf4 40. Rd7+ Kg6 41. Kd2 Rxe5 42. Rxb7 f3 43. Rb8 f2 44. Rf8 Rf5 45. Rxf5 Kxf5 46. Ke2 Ke4 47. c5 Kd5 48. Kxf2 Kc4 49. a3 a6 0-1

[Event "UT Dallas IM Inv."]
[Site "Dallas USA"]
[Date "2013.11.21"]
[Round "1.3"]
[White "Labedz, Patrycja"]
[Black "Calugar, Arthur"]
[Result "1-0"]
[WhiteElo "2102"]
[BlackElo "2334"]
[PlyCount "98"]
[GameId "2130307677153867"]
[EventDate "2013.11.21"]
[EventType "tourn"]
[EventRounds "9"]
[EventCountry "USA"]
[EventCategory "2"]

1. d4 Nf6 2. Nf3 g6 3. Nbd2 d5 4. e3 Bg7 5. b4 b6 6. Bb2 O-O 7. c4 Nbd7 8. Be2 c5 9. dxc5 bxc5 10. b5 Bb7 11. O-O Qc7 12. Rc1 e5 13. cxd5 Bxd5 14. Bc4 Rfd8 15. Qb3 Bxc4 16. Nxc4 Re8 17. Rfd1 h6 18. h3 e4 19. Nfd2 Rad8 20. Qc2 g5 21. Nf1 Nb6 22. Rxd8 Qxd8 23. Ng3 Qd5 24. Nd2 Qxa2 25. Nf5 Qd5 26. Nxg7 Kxg7 27. Nf1 Nbd7 28. Rd1 Qe6 29. Qc3 Ne5 30. Ng3 Kg6 31. Ra1 Qc4 32. Ra6 Qxb5 33. Rd6 Qb7 34. Qxe5 Rxe5 35. Bxe5 Kh7 36. Rxf6 Qd5 37. Rf5 Qd7 38. Bc3 c4 39. Re5 Qd3 40. Nxe4 f5 41. Nf6+ Kg6 42. Nd5 Kf7 43. Re7+ Kg8 44. Bd4 Qa3 45. Rxa7 Qd6 46. Ne7+ Kf8 47. Nxf5 Qb4 48. Ng7 c3 49. Bc5+ Qxc5 1-0

[Event "UT Dallas IM Inv."]
[Site "Dallas USA"]
[Date "2013.11.22"]
[Round "2.3"]
[White "Calugar, Arthur"]
[Black "Camacho, Chardine Cheradee"]
[Result "1-0"]
[WhiteElo "2334"]
[BlackElo "2210"]
[PlyCount "53"]
[GameId "2130307677153870"]
[EventDate "2013.11.21"]
[EventType "tourn"]
[EventRounds "9"]
[EventCountry "USA"]
[EventCategory "2"]

1. e4 e6 2. d4 d5 3. e5 c5 4. c3 Nc6 5. Nf3 Qb6 6. a3 Nh6 7. b4 cxd4 8. Bxh6 gxh6 9. cxd4 Bd7 10. Ra2 Rc8 11. Rc2 a5 12. b5 Na7 13. a4 Bb4+ 14. Nbd2 Bc3 15. Bd3 Bxd4 16. O-O f6 17. Nb3 Rxc2 18. Nbxd4 Rc7 19. exf6 O-O 20. Ne5 Rxf6 21. Qg4+ Kh8 22. Qh4 Kg7 23. Qg3+ Kh8 24. Ng4 Rf7 25. Qe5+ Rg7 26. Nf6 Rg5 27. Nf5 1-0

[Event "UT Dallas IM Inv."]
[Site "Dallas USA"]
[Date "2013.11.26"]
[Round "9.4"]
[White "Calugar, Arthur"]
[Black "Safin, Artur K"]
[Result "1/2-1/2"]
[WhiteElo "2334"]
[BlackElo "2251"]
[PlyCount "65"]
[GameId "2130307677153886"]
[EventDate "2013.11.21"]
[EventType "tourn"]
[EventRounds "9"]
[EventCountry "USA"]
[EventCategory "2"]

1. b3 d5 2. Bb2 Nf6 3. Nf3 e6 4. e3 Be7 5. d4 O-O 6. Bd3 c5 7. O-O Nc6 8. Nbd2 b6 9. Ne5 Bb7 10. Ndf3 Nb4 11. Bb5 a6 12. Be2 Nd7 13. Nxd7 Qxd7 14. Ne5 Qc7 15. a3 Nc6 16. Nxc6 Bxc6 17. dxc5 Bxc5 18. Bd3 Rfe8 19. Qh5 g6 20. Qe5 Qxe5 21. Bxe5 Bf8 22. Rfc1 b5 23. c4 dxc4 24. bxc4 Bg7 25. Bxg7 Kxg7 26. cxb5 Bxb5 27. Bxb5 axb5 28. Rcb1 Ra5 29. Rb4 Rd8 30. g4 Rd3 31. Rab1 Rdxa3 32. Rxb5 Rxb5 33. Rxb5 1/2-1/2

[Event "UTD Turner GM inv."]
[Site "Richardson USA"]
[Date "2013.03.11"]
[Round "6"]
[White "Calugar, Arthur"]
[Black "Chiang, Sarah"]
[Result "0-1"]
[WhiteElo "2299"]
[BlackElo "2030"]
[PlyCount "62"]
[GameId "2130307686452227"]
[EventDate "2013.03.09"]
[EventType "swiss"]
[EventRounds "9"]
[EventCountry "USA"]
[SourceTitle "The Week in Chess 958"]
[Source "Mark Crowther"]
[SourceDate "2013.03.19"]
[SourceVersion "1"]
[SourceVersionDate "2013.03.19"]
[SourceQuality "2"]

1. b3 d5 2. Bb2 Nf6 3. Nf3 e6 4. e3 Bd6 5. d4 O-O 6. Bd3 b6 7. O-O Bb7 8. c4 c5 9. Nc3 Nbd7 10. cxd5 Nxd5 11. Rc1 Rc8 12. Bb1 cxd4 13. Qxd4 Bc5 14. Qd3 f5 15. Rfd1 N7f6 16. Nb5 a6 17. Nbd4 Qe8 18. Ng5 Nb4 19. Qf1 Bd5 20. a3 Nc6 21. Nxc6 Rxc6 22. b4 Bd6 23. Rxc6 Qxc6 24. Qxa6 h6 25. Nh3 Ng4 26. g3 Be5 27. Bd4 Bg2 28. Qxb6 Qf3 29. Qxe6+ Kh7 30. Bxe5 Bxh3 31. Qd5 Qxf2+ 0-1

[Event "UTD Turner GM inv."]
[Site "Richardson USA"]
[Date "2013.03.12"]
[Round "8"]
[White "Calugar, Arthur"]
[Black "Li, Zhichao"]
[Result "1/2-1/2"]
[WhiteElo "2299"]
[BlackElo "2145"]
[PlyCount "26"]
[GameId "2130307686452244"]
[EventDate "2013.03.09"]
[EventType "swiss"]
[EventRounds "9"]
[EventCountry "USA"]
[SourceTitle "The Week in Chess 958"]
[Source "Mark Crowther"]
[SourceDate "2013.03.19"]
[SourceVersion "1"]
[SourceVersionDate "2013.03.19"]
[SourceQuality "2"]

1. Nf3 d5 2. b3 Nf6 3. Bb2 Bg4 4. g3 Nbd7 5. Bg2 e6 6. O-O Bd6 7. d3 O-O 8. Nbd2 Qe7 9. e4 Ba3 10. Qc1 Bxb2 11. Qxb2 dxe4 12. dxe4 e5 13. Nc4 Bxf3 1/2-1/2

[Event "UTD Turner GM inv."]
[Site "Richardson USA"]
[Date "2013.03.13"]
[Round "9"]
[White "Langer, Mikhail"]
[Black "Calugar, Arthur"]
[Result "1-0"]
[WhiteElo "2211"]
[BlackElo "2299"]
[PlyCount "87"]
[GameId "2130307686452255"]
[EventDate "2013.03.09"]
[EventType "swiss"]
[EventRounds "9"]
[EventCountry "USA"]
[SourceTitle "The Week in Chess 958"]
[Source "Mark Crowther"]
[SourceDate "2013.03.19"]
[SourceVersion "1"]
[SourceVersionDate "2013.03.19"]
[SourceQuality "2"]

1. e4 c5 2. Nf3 e6 3. d3 Nc6 4. g3 d5 5. Qe2 Nf6 6. Bg2 Be7 7. O-O O-O 8. e5 Nd7 9. c4 Re8 10. Nc3 Nf8 11. h4 f6 12. exf6 Bxf6 13. Re1 Bd7 14. Bg5 Nd4 15. Qd2 Bc6 16. cxd5 Nxf3+ 17. Bxf3 Bxg5 18. hxg5 exd5 19. Bxd5+ Bxd5 20. Rxe8 Qxe8 21. Nxd5 Qd7 22. Nf4 Qf5 23. Qc3 Rd8 24. Re1 Qf7 25. Qxc5 Qxa2 26. Re7 Qxb2 27. Qc4+ Kh8 28. Qf7 Rc8 29. Ne6 Qe5 30. Nxf8 Qxg5 31. Rc7 Rxc7 32. Qxc7 Qf5 33. Qd8 h6 34. Ng6+ Kh7 35. Ne7 Qe6 36. d4 Qe1+ 37. Kg2 Qe4+ 38. Kh2 Qe6 39. d5 Qf7 40. Kg2 h5 41. d6 Qc4 42. Qg8+ Qxg8 43. Nxg8 Kxg8 44. d7 1-0

[Event "Pan-Am intercoll."]
[Site "Princeton USA"]
[Date "2012.12.28"]
[Round "3"]
[White "Calugar, Arthur"]
[Black "Steven, Johanna"]
[Result "1-0"]
[WhiteElo "2295"]
[BlackElo "2085"]
[PlyCount "59"]
[GameId "2130307688129003"]
[EventDate "2012.12.27"]
[EventType "swiss"]
[EventRounds "6"]
[EventCountry "USA"]
[WhiteTeam "UT Dallas B"]
[BlackTeam "U Chicago"]

1. Nf3 Nf6 2. b3 c5 3. Bb2 Nc6 4. e3 d5 5. Bb5 Bg4 6. h3 Bh5 7. g4 Bg6 8. Ne5 Rc8 9. Bxc6+ bxc6 10. d3 Nd7 11. Nxg6 hxg6 12. f4 e5 13. fxe5 Qh4+ 14. Ke2 Qg3 15. Qf1 Be7 16. Qf3 Qh4 17. Nd2 O-O 18. Qf2 Bd8 19. Nf3 Qe7 20. h4 Bc7 21. Qh2 f6 22. h5 gxh5 23. Qxh5 Nxe5 24. Bxe5 Bxe5 25. Nh4 Bf4 26. Nf5 Qe8 27. Qh7+ Kf7 28. Qxg7+ Ke6 29. exf4 Rf7 30. Kf3 1-0

[Event "Pan-Am intercoll."]
[Site "Princeton USA"]
[Date "2012.12.29"]
[Round "5"]
[White "Chirila, Ioan Christian"]
[Black "Calugar, Arthur"]
[Result "1/2-1/2"]
[WhiteElo "2525"]
[BlackElo "2295"]
[PlyCount "129"]
[GameId "2130307688129015"]
[EventDate "2012.12.27"]
[EventType "swiss"]
[EventRounds "6"]
[EventCountry "USA"]
[WhiteTeam "UT Dallas A"]
[BlackTeam "UT Dallas B"]

1. Nf3 Nf6 2. c4 g6 3. Nc3 d5 4. cxd5 Nxd5 5. Qb3 Nb6 6. d4 Bg7 7. e4 O-O 8. Be3 a5 9. Rd1 a4 10. Qc2 Nc6 11. Ne5 Nb4 12. Qc1 Be6 13. d5 Bxe5 14. dxe6 Qe8 15. f4 Bg7 16. Nb5 Qc6 17. Qxc6 bxc6 18. exf7+ Kxf7 19. Bxb6 cxb5 20. Bc5 Na6 21. Be3 c6 22. e5 Nb4 23. Bc5 Nd5 24. g3 g5 25. fxg5 Bxe5 26. Bd4 Bxd4 27. Rxd4 a3 28. bxa3 Rxa3 29. Bxb5 cxb5 30. O-O+ Nf6 31. gxf6 exf6 32. Rd6 Kg6 33. Rf2 Rc3 34. Rd5 b4 35. Rb5 Rc4 36. Rb6 h5 37. h3 Kg5 38. Kg2 Rd4 39. h4+ Kg6 40. Kh3 Rc4 41. Rb5 Ra8 42. Rb6 Rf8 43. Rd2 Rg4 44. Rdd6 Rf7 45. Ra6 Rf8 46. Rdb6 Rc4 47. Rb5 Rd4 48. Raa5 Rh8 49. Rb6 Rf8 50. Ra7 Rf7 51. Ra8 Re7 52. Rf8 Rf7 53. Rh8 Rfd7 54. Rg8+ Rg7 55. Ra8 Re7 56. Raa6 Rf7 57. Ra5 Rf8 58. Rbb5 Rh8 59. Rb7 Rc4 60. Raa7 Rg8 61. Ra6 Rc3 62. Rb5 Kf7 63. Rb7+ Kg6 64. Rb5 Kf7 65. Rb7+ 1/2-1/2

[Event "Pan-Am intercoll."]
[Site "Princeton USA"]
[Date "2012.12.30"]
[Round "6"]
[White "Calugar, Arthur"]
[Black "Bachmann Schiavo, Axel"]
[Result "1/2-1/2"]
[WhiteElo "2295"]
[BlackElo "2524"]
[PlyCount "114"]
[GameId "2130307688129019"]
[EventDate "2012.12.27"]
[EventType "swiss"]
[EventRounds "6"]
[EventCountry "USA"]
[WhiteTeam "UT Dallas B"]
[BlackTeam "UT Brownsville A"]

1. b3 d5 2. Bb2 Bg4 3. Nf3 Nd7 4. g3 Ngf6 5. Bg2 e6 6. c4 c6 7. O-O Be7 8. d3 O-O 9. Nbd2 a5 10. a3 h6 11. Qc2 Re8 12. Bc3 b5 13. cxb5 cxb5 14. Qb2 b4 15. axb4 axb4 16. Bd4 Bd6 17. h3 Bh5 18. g4 Bg6 19. Ne5 Nxe5 20. Bxe5 Bxe5 21. Qxe5 Qb6 22. Nc4 Qc5 23. d4 Qc6 24. Qe3 Rxa1 25. Rxa1 Ra8 26. Rxa8+ Qxa8 27. Ne5 Bc2 28. h4 Qa1+ 29. Kh2 Qc3 30. Qf4 Qc7 31. Qg3 h5 32. gxh5 Nxh5 33. Qg5 g6 34. Bh3 Kg7 35. Qe3 f6 36. Bxe6 fxe5 37. dxe5 Bxb3 38. f4 Qc3 39. Qa7+ Kh6 40. Qg1 Qd2 41. Qg5+ Kh7 42. Qe7+ Ng7 43. Qf7 Qxe2+ 44. Kg1 Qd1+ 45. Kg2 Qc2+ 46. Kh3 Qc3+ 47. Kg2 Qd2+ 48. Kg1 Qe3+ 49. Kg2 Qe4+ 50. Kf2 Kh6 51. Qf8 Qd4+ 52. Kg2 Qd2+ 53. Kg1 Qe1+ 54. Kg2 Qe2+ 55. Kg3 Qe1+ 56. Kg2 Qe2+ 57. Kg3 Qe1+ 1/2-1/2

[Event "WYCC U14"]
[Site "Vung Tau City VIE"]
[Date "2008.10.21"]
[Round "2"]
[White "Calugar, Arthur"]
[Black "Meskovs, Nikita"]
[Result "0-1"]
[WhiteElo "2044"]
[BlackElo "2247"]
[PlyCount "84"]
[GameId "2129405091832595"]
[EventDate "2008.10.20"]
[EventType "swiss"]
[EventRounds "9"]
[EventCountry "VIE"]
[SourceTitle "The Week in Chess 730"]
[Source "Mark Crowther"]
[SourceDate "2008.11.03"]
[SourceVersion "1"]
[SourceVersionDate "2008.11.03"]
[SourceQuality "2"]

1. Nf3 Nf6 2. b3 g6 3. Bb2 Bg7 4. g3 O-O 5. Bg2 c5 6. c4 d5 7. cxd5 Qxd5 8. Nc3 Qd8 9. Rc1 Nd5 10. Nxd5 Bxb2 11. Rxc5 Ba3 12. b4 Na6 13. Rc3 Bxb4 14. Nxb4 Nxb4 15. a3 Nd5 16. Rb3 Nb6 17. Rd3 Qc7 18. Nd4 Bd7 19. O-O e5 20. Nb3 Bb5 21. Rc3 Qe7 22. Nc5 Rac8 23. Nxb7 Rxc3 24. dxc3 Qxa3 25. Qa1 Qxa1 26. Rxa1 Bxe2 27. Rxa7 Rc8 28. Ra3 Nc4 29. Ra2 Bd3 30. Bd5 Nb6 31. Rd2 Rxc3 32. Ba2 Rc1+ 33. Kg2 Be4+ 34. f3 Bxb7 35. Rb2 Bd5 36. Bb1 Nc4 37. Rb8+ Kg7 38. Bd3 Rc3 39. Bxc4 Rxc4 40. Rb2 Rc3 41. Rf2 f5 42. h3 e4 0-1

[Event "WYCC U14"]
[Site "Vung Tau City VIE"]
[Date "2008.10.22"]
[Round "3"]
[White "Naroditsky, Daniel"]
[Black "Calugar, Arthur"]
[Result "1-0"]
[WhiteElo "2382"]
[BlackElo "2044"]
[PlyCount "161"]
[GameId "2129405091832656"]
[EventDate "2008.10.20"]
[EventType "swiss"]
[EventRounds "9"]
[EventCountry "VIE"]
[SourceTitle "The Week in Chess 730"]
[Source "Mark Crowther"]
[SourceDate "2008.11.03"]
[SourceVersion "1"]
[SourceVersionDate "2008.11.03"]
[SourceQuality "2"]

1. Nf3 Nf6 2. g3 g6 3. Bg2 Bg7 4. O-O O-O 5. d3 d5 6. Nbd2 c5 7. e4 Nc6 8. c3 e5 9. exd5 Nxd5 10. Re1 b6 11. Nc4 Re8 12. Qb3 Bb7 13. Ng5 Qd7 14. Ne4 Re6 15. Bh3 f5 16. Ng5 Ree8 17. Bg2 Rad8 18. a4 h6 19. Nf3 Kh7 20. a5 Qc7 21. Nfd2 Nxa5 22. Nxa5 bxa5 23. Nf3 Nf6 24. Qb5 a4 25. Rxa4 e4 26. dxe4 Bxe4 27. Bf4 Qb6 28. Qxb6 axb6 29. Rea1 Nd5 30. Ra7 Nxf4 31. gxf4 Kg8 32. Nh4 Rd6 33. Rc7 Bf8 34. Bf1 Bd5 35. Rd1 Bf7 36. Ra1 Rde6 37. Nf3 Bd6 38. Rb7 Bb8 39. Bb5 Rf8 40. Bc4 Rf6 41. Bxf7+ R6xf7 42. Rxb6 Bxf4 43. Rxg6+ Kh7 44. Rc6 Rb8 45. Rb1 Rb5 46. h3 Kg7 47. Kf1 Rfb7 48. Nh4 Rf7 49. Kg2 Bg5 50. Nf3 Bf6 51. c4 Ra5 52. b4 cxb4 53. Rxb4 Ra2 54. Rb5 f4 55. Rf5 Bg5 56. Re5 Re7 57. Rxe7+ Bxe7 58. Nd4 Bg5 59. Nf5+ Kf8 60. h4 Bd8 61. Rxh6 Kf7 62. Rd6 Bf6 63. h5 Ra5 64. Rd5 Ra4 65. Rc5 Ra2 66. Nh6+ Ke7 67. Ng4 Ba1 68. Rf5 Kd6 69. Rxf4 Kc5 70. h6 Ra6 71. Rf8 Rg6 72. f3 Rg5 73. Ra8 Bc3 74. Rc8+ Kd6 75. Kg3 Rh5 76. Kf4 Rh3 77. Rd8+ Kc5 78. Nf2 Rh4+ 79. Kg5 Rd4 80. Ne4+ Rxe4 81. fxe4 1-0

[Event "WYCC U14"]
[Site "Vung Tau City VIE"]
[Date "2008.10.26"]
[Round "7"]
[White "Le Trong De, Toan"]
[Black "Calugar, Arthur"]
[Result "0-1"]
[WhiteElo "1952"]
[BlackElo "2044"]
[PlyCount "60"]
[GameId "2129405091841012"]
[EventDate "2008.10.20"]
[EventType "swiss"]
[EventRounds "9"]
[EventCountry "VIE"]
[SourceTitle "The Week in Chess 730"]
[Source "Mark Crowther"]
[SourceDate "2008.11.03"]
[SourceVersion "1"]
[SourceVersionDate "2008.11.03"]
[SourceQuality "2"]

1. d4 d5 2. Nf3 Nf6 3. Bg5 Ne4 4. Bf4 g6 5. e3 Bg7 6. c4 c5 7. Nc3 Nxc3 8. bxc3 cxd4 9. cxd4 Qa5+ 10. Qd2 Qxd2+ 11. Nxd2 dxc4 12. Bxc4 O-O 13. O-O Nc6 14. Rab1 b6 15. Rfc1 Bb7 16. Nf3 Rac8 17. Kf1 Na5 18. Bd3 Bd5 19. Ba6 Bxa2 20. Bxc8 Bxb1 21. Ba6 Ba2 22. Rc7 Ra8 23. Rxe7 Bc4+ 24. Bxc4 Nxc4 25. Rc7 b5 26. Ng5 a5 27. d5 Bf8 28. Nxf7 a4 29. Bg5 a3 30. Bf6 a2 0-1

[Event "WYCC U14"]
[Site "Vung Tau City VIE"]
[Date "2008.10.30"]
[Round "11"]
[White "Lin Chieh Sheng, Jason"]
[Black "Calugar, Arthur"]
[Result "0-1"]
[WhiteElo "1686"]
[BlackElo "2044"]
[PlyCount "68"]
[GameId "2129405091849374"]
[EventDate "2008.10.20"]
[EventType "swiss"]
[EventRounds "9"]
[EventCountry "VIE"]
[SourceTitle "The Week in Chess 730"]
[Source "Mark Crowther"]
[SourceDate "2008.11.03"]
[SourceVersion "1"]
[SourceVersionDate "2008.11.03"]
[SourceQuality "2"]

1. e4 c5 2. d4 cxd4 3. c3 dxc3 4. Nxc3 Nc6 5. Nf3 e6 6. Bc4 a6 7. Qe2 Nge7 8. O-O Ng6 9. Bg5 f6 10. Be3 b5 11. Bb3 Bb7 12. Rfd1 Qa5 13. Nd4 Be7 14. f3 Rd8 15. Rac1 Nge5 16. Qf2 Nxd4 17. Bxd4 Rc8 18. a3 Nc4 19. Bxc4 bxc4 20. Bb6 Qe5 21. Bd4 Qa5 22. Bb6 Qh5 23. Kh1 d6 24. Ne2 O-O 25. Nf4 Qf7 26. Qe2 g5 27. Nh3 d5 28. exd5 exd5 29. Nf2 Rfe8 30. Ng4 Kh8 31. Qd2 h5 32. Ne3 Bd6 33. Nxd5 Bxd5 34. Qxd5 Re1+ 0-1

[Event "WYCC U14"]
[Site "Kemer/Antalya TUR"]
[Date "2007.11.22"]
[Round "5.21"]
[White "Calugar, Arthur"]
[Black "Chan Wei Xuan, Timothy"]
[Result "0-1"]
[WhiteElo "2080"]
[BlackElo "2231"]
[PlyCount "84"]
[GameId "2129405099977019"]
[EventDate "2007.11.18"]
[EventType "swiss"]
[EventRounds "11"]
[EventCountry "TUR"]
[SourceTitle "Jugenddatenbank"]
[Source "Reinhold Goldau"]
[SourceDate "2000.03.01"]
[SourceVersion "1"]
[SourceVersionDate "2007.11.28"]
[SourceQuality "1"]

1. b3 Nf6 2. Bb2 e6 3. Nf3 Be7 4. c4 c5 5. g3 b6 6. Bg2 Bb7 7. O-O O-O 8. Nc3 d5 9. cxd5 exd5 10. d4 Na6 11. Rc1 Nc7 12. Qc2 Ne6 13. Rfd1 Rc8 14. e3 Re8 15. dxc5 bxc5 16. Qd2 Qd7 17. Nh4 d4 18. exd4 Bxg2 19. Nxg2 Nxd4 20. Kh1 Qb7 21. Na4 Ne4 22. Qe3 Bg5 23. f4 Nf5 24. Qe1 Nexg3+ 25. hxg3 Rxe1+ 26. Rxe1 Bf6 27. Rxc5 Bxb2 28. Rxf5 g6 29. Rc5 Rxc5 30. Nxc5 Qf3 31. Re3 Qh5+ 32. Nh4 Qd1+ 33. Kg2 Qc2+ 34. Kh3 Qxc5 35. Re2 Bf6 36. Nf3 h5 37. Ne5 Qb5 38. Re1 g5 39. Nc4 g4+ 40. Kh2 Qd5 41. Re2 h4 42. gxh4 Qf3 0-1

[Event "WYCC U14"]
[Site "Kemer/Antalya TUR"]
[Date "2007.11.22"]
[Round "6.38"]
[White "Hasanli, Sirus"]
[Black "Calugar, Arthur"]
[Result "1-0"]
[WhiteElo "1975"]
[BlackElo "2080"]
[PlyCount "86"]
[GameId "2129405099985302"]
[EventDate "2007.11.18"]
[EventType "swiss"]
[EventRounds "11"]
[EventCountry "TUR"]
[SourceTitle "Jugenddatenbank"]
[Source "Reinhold Goldau"]
[SourceDate "2000.03.01"]
[SourceVersion "1"]
[SourceVersionDate "2007.11.28"]
[SourceQuality "1"]

1. e4 c5 2. c3 d5 3. exd5 Qxd5 4. d4 Nf6 5. Nf3 Bg4 6. Be2 e6 7. O-O Be7 8. Na3 O-O 9. Bf4 cxd4 10. Nb5 Na6 11. Nbxd4 Nc5 12. h3 Bh5 13. Ne5 Bxe2 14. Qxe2 Qe4 15. Qxe4 Nfxe4 16. f3 Nd6 17. Nb3 Na4 18. Rab1 f6 19. Nd3 e5 20. Be3 Nc4 21. Bf2 Rfd8 22. Rfd1 f5 23. Ndc5 Bxc5 24. Nxc5 Nxc5 25. Bxc5 b6 26. Bf2 Nd2 27. Ra1 Rd7 28. Be3 Rad8 29. Bxd2 Rxd2 30. Rxd2 Rxd2 31. b3 Kf7 32. a4 Rb2 33. b4 Rc2 34. a5 Rxc3 35. axb6 axb6 36. Ra7+ Kf6 37. Rb7 Rc6 38. b5 Rd6 39. g4 f4 40. h4 h6 41. Kf2 g5 42. h5 Ke6 43. Ke2 Kd5 {...} 1-0

[Event "WYCC U14"]
[Site "Kemer/Antalya TUR"]
[Date "2007.11.26"]
[Round "9.46"]
[White "Calugar, Arthur"]
[Black "Kerigan, Demre"]
[Result "1-0"]
[WhiteElo "2080"]
[BlackElo "1866"]
[PlyCount "53"]
[GameId "2129405099985535"]
[EventDate "2007.11.18"]
[EventType "swiss"]
[EventRounds "11"]
[EventCountry "TUR"]
[SourceTitle "Jugenddatenbank"]
[Source "Reinhold Goldau"]
[SourceDate "2000.03.01"]
[SourceVersion "1"]
[SourceVersionDate "2007.11.28"]
[SourceQuality "1"]

1. b3 e5 2. Bb2 Nc6 3. e3 d5 4. Bb5 f6 5. Ne2 Bd6 6. O-O Nge7 7. f4 O-O 8. Nbc3 Be6 9. Ng3 Qd7 10. Qf3 e4 11. Qf2 a6 12. Bxc6 Nxc6 13. Nce2 a5 14. a3 Qe7 15. f5 Bf7 16. Nf4 Be5 17. Bxe5 Nxe5 18. Ngh5 g5 19. fxg6 hxg6 20. Ng3 Kg7 21. Nfh5+ Kh8 22. Nxf6 Be6 23. Ngxe4 Nf3+ 24. gxf3 dxe4 25. Qh4+ Kg7 26. Nh5+ Kf7 27. fxe4+ 1-0

[Event "WYCC U14"]
[Site "Kemer/Antalya TUR"]
[Date "2007.11.28"]
[Round "11.25"]
[White "Calugar, Arthur"]
[Black "Pavlidis, Antonios"]
[Result "0-1"]
[WhiteElo "2080"]
[BlackElo "2192"]
[PlyCount "90"]
[GameId "2129405099993853"]
[EventDate "2007.11.18"]
[EventType "swiss"]
[EventRounds "11"]
[EventCountry "TUR"]

1. e4 e5 2. Nf3 Nc6 3. Bb5 a6 4. Ba4 d6 5. Bxc6+ bxc6 6. d4 exd4 7. Nxd4 Bd7 8. Nc3 g6 9. h4 Nf6 10. Bf4 Bg7 11. Qd2 c5 12. Nf3 Rb8 13. Rb1 Ng4 14. h5 Be6 15. Ng5 Bc4 16. b3 h6 17. Nf3 g5 18. Bg3 Be6 19. Rd1 O-O 20. Nd5 Bxd5 21. Qxd5 Nf6 22. Qf5 Nxe4 23. Qxe4 Re8 24. Ne5 Bxe5 25. Bxe5 Qe7 26. O-O Qxe5 27. Qc6 Qe7 28. Rfe1 Qxe1+ 29. Rxe1 Rxe1+ 30. Kh2 Rbe8 31. Qxc7 Rd1 32. Kg3 Re2 33. Qc8+ Kg7 34. Qxa6 Rxc2 35. a4 Rdd2 36. Qb6 Rxf2 37. Qxd6 Rxg2+ 38. Kh3 Rge2 39. Qg3 Re4 40. Qd3 Rce2 41. Qc3+ f6 42. Qxc5 R4e3+ 43. Kg4 Rg2+ 44. Kf5 Rf2+ 45. Kg4 Rf4# 0-1